000 00418nam a2200181Ia 4500
001 12675
005 20260306162959.0
008 260306t2019||||xx |||||||||||||| ||spa||
041 _aESP
082 _aHR 658
_bNº 99 2019 DG
100 _aKanashiro, Claudia
_eAUT
245 0 _aDe gestión
260 _c2019
300 _a80 páginas :
_c28 cm.
650 _aGEN
654 _aCAN
942 _cREV
_dJUS
_fJUS
_2ddc
_n
999 _c12675
_d12675